000 00827nam a2200193 4500
005 20260213160008.0
010 _aHIN-131114
020 _c400.00
_a9788196852863
035 _aHN-103460
037 _bDBAD
082 _a230
100 _aउदय प्रताप शिंह
_987398
245 _aरामु न सकहिं नाम गुन गाई/
_cउदय प्रताप सिंह {एवं} अवंतिका सिंह
250 _a1
260 _aदिल्ली
_bजनवाणी प्रकाशन प्रा. लि.
_c2024
270 _a30/35-36,गली नं. 9, विश्वास नगर शाहदरा
_bदिल्ली
_e110032
300 _a144पृ.
_c22 सेमी (सजिल्द)
942 _2ddc
_cHN
_h230
_mउदय
999 _c214885
_d214885